How children develop social understanding
Saved in:
| Main Authors: | , |
|---|---|
| Format: | Book |
| Language: | English |
| Published: |
Malden
Blackwell
2006
|
| Series: | Understanding Children's World
|
| Subjects: | |
| Tags: |
Add Tag
No Tags, Be the first to tag this record!
|
MARC
| LEADER | 00000nam a2200000 a 4500 | ||
|---|---|---|---|
| 001 | UCH9345 | ||
| 003 | CL-VaPUC | ||
| 008 | 091231e20060000US |||||||||||||||||eng|d | ||
| 020 | |a 9781405105507 | ||
| 082 | 0 | 4 | |a 155.41822 |b CAR |2 21 |
| 100 | 0 | |a Carpendale, Jeremy |e author |9 546349 | |
| 700 | |a Lewis, Charlie |e author |9 546350 | ||
| 245 | 1 | 0 | |a How children develop social understanding |
| 300 | |a 311 p | ||
| 942 | |c BK | ||
| 945 | |d 20091231 00:00:00 |a dcastane | ||
| 260 | |a Malden |b Blackwell |c 2006 | ||
| 650 | 7 | |a PERCEPCION SOCIAL EN NIÑOS |2 CL-VaPUC |9 308632 | |
| 583 | |a last modification |c 20091231 00:00:00 |k Rodrigo Vera | ||
| 490 | 0 | |a Understanding Children's World | |
| 999 | |c 339334 |d 339332 | ||
| 952 | |0 0 |1 0 |4 0 |6 155_418220000000000_CAR_2006 |7 0 |8 A |9 432928 |a BIBEDU |b BIBEDU |d 2019-11-22 |i 4630661 |o 155.41822 CAR 2006 |p 4630661 |r 2019-11-22 |w 2019-11-22 |y BK |k PSI | ||